Customer care management/

Wedi'i Gadw mewn:
Manylion Llyfryddiaeth
Prif Awdur: Brown, Andrew
Fformat: Sách giấy
Iaith:English
Cyhoeddwyd: Oxford : Butterworth - Heinemann, 1989
Tagiau: Ychwanegu Tag
Dim Tagiau, Byddwch y cyntaf i dagio'r cofnod hwn!
Thư viện lưu trữ: Thư viện Trường Đại học Đà Lạt
LEADER 00602nam a2200265 4500
001 DLU040026890
020 # # |a 075060056x 
040 # # |a dlu  |b vie 
041 # # |a eng 
044 # # |a EN 
082 # # |a 658.812  |b BR-A 
100 # # |a Brown, Andrew 
245 # # |a Customer care management/  |c Andrew Brown 
260 # # |a Oxford :  |b Butterworth - Heinemann,  |c 1989 
300 # # |a 119p.;  |c 23cm. 
923 # # |a 5/2004 
992 # # |a 5100 
994 # # |a DLU 
900 # # |a True 
911 # # |a Lê Thị Mạnh Xuân  
925 # # |a G 
926 # # |a A 
927 # # |a SH 
980 # # |a Thư viện Trường Đại học Đà Lạt